000 00560nam a2200193Ia 4500
003 LDD
008 181029s9999 xx 000 0 und d
020 _a335193501
_cP 13.99
040 _cLDD
100 _aGOODLAD, Sinclair
245 4 _aThe Quest for quality
_bsixteen forms of Heresy in higher education
_cSinclair GOODLAD
260 _aBuckingham
_bSRHE and Open University Press
_c1995
300 _aix,123p.
365 _bP 13.99
901 _a206
_b31-01-1996
902 _a00482
_b14-02-1996
_cF
_dCONTI
_e37
903 _aDiscount-10
942 _2ddc
_cBK
999 _c51576
_d51576